| 000 | 00506cam a22002054a 4500 | ||
|---|---|---|---|
| 005 | 20250605164223.0 | ||
| 008 | 250528s ||||||||||||||||||||||||d | ||
| 035 | _a20762 | ||
| 020 | _a9600408505 | ||
| 040 |
_aGR-AtMCL _bgre _dGR-AtMCL _eAACR2 |
||
| 245 | 1 | _aΛΕΞΙΛΟΓΙΟ ΤΗΣ ΨΥΧΑΝΑΛΥΣΗΣ | |
| 250 | _a3 | ||
| 260 |
_bΚέδρος, _c1986 |
||
| 300 | _a595 | ||
| 700 | 1 |
_aLaplanche J _96733 |
|
| 700 | 1 |
_aPontalis J.B _96734 |
|
| 942 | _cBK | ||
| 999 |
_c5845 _d5845 |
||